000 02135nam a2200241 a 4500
001 000000255
003 OSt
005 20210507143540.0
008 081212s 1995 dr 000 0 spa d
040 _aDO-SdBNP
_bspa
_cBNPHU
082 4 _a174.3
_bC577f
_200
100 1 _aCiprián, Rafael,
_d1959-
_9839
245 1 3 _aLa función del abogado /
_cRafael Ciprián.
260 _aSanto Domingo :
_bAlfa & Omega,
_c1995.
300 _a164 p. ;
_c21 cm.
500 _aIncluye datos biografícos del autor en la solapa de la portada.
505 0 _tUna explicación necesaria --
_tAbogados y abogados --
_tPobre de los abogados --
_t¿Corsarios o abogados? --
_tAbogados en quiebra --
_tAbogados gana pan --
_tIneficacia judicial --
_tIntolerancias --
_tJuzguemos a los jueces --
_tCorruptos: ¿abogados o jueces? --
_tAbogados y conflictos --
_tAbogados vergonzantes --
_tAbogados perversos --
_tCrisis y abogados --
_tLas opciones del abogado --
_tConfusión y abogados --
_tAbogados o notarios --
_tAbogados comejenes --
_tAbogados a granel --
_tLa función del notario --
_tDerecho y moral --
_tCorrupción judicial --
_tAbogados y sociedad --
_tLa pena de muerte --
_tLa ley Torricelli --
_tAbogados en crisis --
_tAbogados y prostitutas --
_tLos desacatados --
_tSociedad y justicia --
_tAbogados-resuelve --
_tHay jueces corruptos --
_tFiscalía y corrupción --
_tAbogados-notarios en acción --
_tInjurias abogadiles --
_tAbogados proletarizados --
_t!Abogados¡ ¿abogados? --
_tColegas-abogados indignos --
_tPotencialidades del abogado --
_tAbogados ilusos --
_tAbogados marrulleros --
_tAbogados y notarios juntos --
_tPobre poder judicial --
_t¿Fiscal o activista político? --
_tLa ley de la necesidad --
_tSociedad y delincuencia --
_tRespetemos la ley --
_tLey y autoridades --
_tLa ilegalidad mal legalizada --
_tLa venganza privada --
_tLa justicia dominicana a la deriva --
_tLa función del abogado --
_t¿Justicia?: ¡corrupción! --
_tAbogados al grito.
590 _aInventariado, 2018/MFF
650 4 _aAbogados
_xÉtica profesional
_9840
650 4 _aAbogados
_xResponsabilidad profesional
_9841
910 _aValidado. Control de calidad MMOLINA
942 _2ddc
_cLBS1
999 _c255
_d255